| 000 | 00794cam a22002655a 4500 | ||
|---|---|---|---|
| 001 | 14268099 | ||
| 005 | 20201128024129.0 | ||
| 008 | 060216r20072006enka frb 001 0 eng d | ||
| 020 | _a0470010517 | ||
| 020 | _a9780470010518 | ||
| 040 |
_aDLC _cDLC _dDLC _dEG-ScBUE _beng |
||
| 082 | 0 | 4 |
_222 _a620.3 _bINM |
| 100 | 1 |
_aInman, D. J. _927593 |
|
| 245 | 1 | 0 |
_aVibration with control / _cDaniel J. Inman. |
| 250 | _aReprint ed. | ||
| 260 |
_aChichester : _bJohn Wiley & Sons, _c2007. |
||
| 300 |
_axii, 376 p. : _bill. ; _c25 cm. |
||
| 500 | _aReprinted of the 2006 edition. | ||
| 504 | _aIncludes bibliographical references and index. | ||
| 650 | 7 |
_aDamping (Mechanics) _2BUEsh _912082 |
|
| 650 | 7 |
_aVibration. _2BUEsh _9324 |
|
| 651 | _2BUEsh | ||
| 653 |
_bENGMEC _cFebruary2017 |
||
| 942 | _2ddc | ||
| 999 |
_c24113 _d24085 |
||